000 00671nam a2200277Ia 4500
005 20260324145307.0
008 008 260324s9999 xx 000 0 eng d
020 _a9781351318525
037 _aEBOOK
040 _aCRL
040 _beng
040 _cCRL
041 _2eng
041 _aeng
084 _qCRL
100 _aRobert S. Broadhead
_91222459
245 4 _aThe Private Lives and Professional Identity of Medical Students
260 _bTaylor and Francis
260 _c1983
365 _a
365 _b230
856 _uhttp://www.taylorfrancis.com/books/9781351318525
942 _cEBOOK
999 _c1830151
_d1830151